Подробности
| 000 -МАРКЕР |
| контрольное поле |
01975nam0a2200325 4500 |
| 001 - ИДЕНТИФИКАТОР ЗАПИСИ |
| контрольное поле |
RU\NLR\BIBL_A\016239422 |
| 005 - ИДЕНТИФИКАТОР ВЕРСИИ |
| контрольное поле |
20250625005347.0 |
| 035 ## - ДРУГИЕ СИСТЕМНЫЕ НОМЕРА |
| Идентификатор записи |
(NLR Aleph) 016239422 |
| 100 ## - ДАННЫЕ ОБЩЕЙ ОБРАБОТКИ |
| Данные общей обработки |
20221215d2022 |||y0rusy50 ca |
| 101 0# - ЯЗЫК РЕСУРСА |
| Язык текста, звукозаписи и т.д. |
русский |
| 102 ## - СТРАНА ПУБЛИКАЦИИ ИЛИ ПРОИЗВОДСТВА |
| Страна публикации |
Российская Федерация |
| 105 ## - ПОЛЕ КОДИРОВАННЫХ ДАННЫХ: ТЕКСТОВЫЕ МАТЕРИАЛЫ, МОНОГРАФИЧЕСКИЕ |
| Кодированные данные о монографическом текстовом документе |
a z 000zy |
| 181 #0 - ПОЛЕ КОДИРОВАННЫХ ДАННЫХ: ВИД СОДЕРЖАНИЯ |
| Код вида содержания (ISBD) |
i |
| Код характеристики содержания (ISBD) |
axxe |
| 182 #0 - ПОЛЕ КОДИРОВАННЫХ ДАННЫХ: ТИП СРЕДСТВА |
| Код типа средства (ISBD) |
n - непосредственное |
| 200 1# - ЗАГЛАВИЕ И СВЕДЕНИЯ ОБ ОТВЕТСТВЕННОСТИ |
| Основное заглавие |
Моя малая Родина: история бурятских поселений |
| Сведения, относящиеся к заглавию |
[сборник конкурсных работ библиотек края - участников краевого конкурса |
| -- |
избранное] |
| Первые сведения об ответственности |
Ассоциация библиотек "Библиотечное содружество Забайкалья", ГУК "Забайкальская краевая универсальная научная библиотека им. А. С. Пушкина" |
| Последующие сведения об ответственности |
редактор - В. В. Кругляк |
| 203 ## - ВИД СОДЕРЖАНИЯ И ТИП СРЕДСТВА |
| Вид содержания |
Текст |
| Дополнительные сведения об издании |
визуальный |
| Тип средства |
непосредственный |
| 210 ## - ПУБЛИКАЦИЯ, РАСПРОСТРАНЕНИЕ И ДР. |
| Место издания, распространения и т.д. |
Чита |
| Имя издателя, распространителя и т. д. |
Читинская гор. типогр. |
| Дата издания, распространения и т.д. |
2022 |
| 215 ## - ФИЗИЧЕСКАЯ ХАРАКТЕРИСТИКА |
| Специфическое обозначение материала и объем |
275 с. |
| Другие сведения о физической характеристике |
ил. |
| Размеры |
22 |
| 607 ## - ГЕОГРАФИЧЕСКОЕ НАИМЕНОВАНИЕ КАК ПРЕДМЕТ |
| Географическое наименование |
Бурятия |
| Формальный подзаголовок |
Сборники |
| Тематический подзаголовок |
Историко-этнографические исследования |
| Системный номер авторитетной/нормативной записи |
2182617 |
| Идентификатор авторитетной/нормативной записи |
RU\NLR\AUTH\6601548897 |
| 686 1# - ИНДЕКСЫ ДРУГИХ КЛАССИФИКАЦИЙ |
| Индекс |
Т3(2Р-6Бу)я43 |
| 686 1# - ИНДЕКСЫ ДРУГИХ КЛАССИФИКАЦИЙ |
| Индекс |
Т52(251.7=Бу)я43 |
| 702 #1 - ИМЯ ЛИЦА - ВТОРИЧНАЯ ОТВЕТСТВЕННОСТЬ |
| Начальный элемент ввода |
Кругляк |
| Часть имени, кроме начального элемента ввода |
В. В. |
| Расширение инициалов личного имени |
Вадим Витальевич |
| Код отношения |
Редактор |
| 711 12 - НАИМЕНОВАНИЕ ОРГАНИЗАЦИИ - АЛЬТЕРНАТИВНАЯ ОТВЕТСТВЕННОСТЬ |
| Начальный элемент ввода |
"Моя малая Родина", краеведческий конкурс |
| Место проведения временной организации |
Чита |
| Дата проведения временной организации |
2021 |
| Системный номер авторитетной/нормативной записи |
825671 |
| Идентификатор авторитетной/нормативной записи |
RU\NLR\AUTH\880580032 |
| 712 02 - НАИМЕНОВАНИЕ ОРГАНИЗАЦИИ - ВТОРИЧНАЯ ОТВЕТСТВЕННОСТЬ |
| Код отношения |
Организатор конференции |
| Начальный элемент ввода |
"Библиотечное содружество Забайкалья", ассоциация библиотек |
| Идентифицирующий признак |
Чита |
| Системный номер авторитетной/нормативной записи |
825638 |
| Идентификатор авторитетной/нормативной записи |
RU\NLR\AUTH\880580016 |
| 942 ## - ДОПОЛНИТЕЛЬНЫЕ ЭЛЕМЕНТЫ ЗАПИСИ (АБИС) |
| Тип экземпляра АБИС |
Книга |
| 980 ## - КОЛЛЕКЦИЯ |
| Название коллекции |
Национальная библиография |